000 02140nam a2200385 i 4500
001 768714001
003 CO-MdFUSB
005 20250711175332.0
007 ta
008 240814t2003 ck |||| |||| 00| 0 spa d
020 _a958-42-0511-0
040 _aCO-MdFUSB
_bspa
_cCO-MdFUSB
_dCO-MdFUSBC
_erda
041 _aspa
082 _223
_a070.449
_bG516
100 _aGiraldo de Melo, Diana Sofía,
_eautor
245 _aPeriodistas, guerra y terrorismo
_c/ Diana Sofía Giraldo de Melo , Ismael Roldán V. , Miguel Ángel Flórez G.
250 _aprimera edición
264 1 _bPlaneta Colombiana,
_aBogotá, Colombia :
_c[2003]
264 4 _bUniversidad Sergio Arboleda,
_c©2003
300 _a192 páginas
_c; 21 cm
336 _2rdacontent
_atexto
_btxt
337 _2rdamedia
_asin mediación
_bn
338 _2rdacarrier
_avolumen
_bnc
490 _aPrimera Plana,
505 _tNo todo lo que se informa es terrorismo:
_aLos atentados terroristas del 11 de septiembre en Estados Unidos y el uso del término terrorista en Colombia. -- Usos y abusos del termino terrorismo. -- El tratamiento informativo del dolor. -- El conflicto armado y el miedo en los periodistas. -- El Derecho Internacional Humanitario y la contextualización del acto violento. -- Conductas informativas. -- Comentarios finales.
_tEn sus propias palabras.
_aEntrevista a Andrés París, de las FARC. -- Entrevista a Simón Trinidad, de las FARC. -- Entrevista a Raúl Reyes, de las FARC. -- Entrevista a Carlos Antonio Lozada, de las FARC. -- Entrevista a Ramiro Vargas, del ELN. -- Entrevista a Carlos Castaño, de las AUC.
_tLo que dicen y lo que no dicen las entrevistas:
_aLa relación periodista-fuente. -- Neutralidad periodística. -- Prensa y monopolios. -- Los grupos armados y el terrorismo. -- El lenguaje.
563 _aRústico
653 _aPeriodismo- aspectos sociales
653 _aPeriodismo de guerras
653 _aConflictos armados
653 _aCobertura periodística
700 _aRoldán Valencia, Ismael,
_910558
_eautor
700 _aFlórez Góngora, Miguel Ángel,
_910559
_eautor
942 _cBK
945 _aJTF-925
999 _c70828
_d70828